Pohádky kocoura Šikuly /

Krátké pohádkové příběhy o zvířatech pomáhají začínajícím čtenářům při prvním samostatném čtení.

Hlavní autor: Sani, Jitka, 1969-
Další autoři: Fišerová, Jaroslava, 1960-
Jazyk: Čeština
Vydáno: V Praze : Fragment, 2019
Vydání: 1. vydání
Edice: Čteme sami
Témata:
Fyzický popis: 47 stran : barevné ilustrace ; 23 cm
Knihy
Uloženo v:
LEADER 02061nam a2200493 i 4500
001 nkc20193124462
003 CZ PrNK
005 20201016090653.0
007 ta
008 190822s2019 xr a b 000 j cze
015 |a cnb003124462 
020 |a 978-80-253-4298-5  |q (vázáno) :  |c Kč 199,00 
035 |a (OCoLC)1122793625 
040 |a ABG001  |b cze  |d BOA001  |e rda 
072 7 |a 821.162.3-3  |x Česká próza  |2 Konspekt  |9 25 
072 7 |a 821-93  |x Literatura pro děti a mládež (beletrie)  |2 Konspekt  |9 26 
080 |a 821.162.3-32  |2 MRF 
080 |a 821-93  |2 MRF 
080 |a (0:82-32)  |2 MRF 
100 1 |a Sani, Jitka,  |d 1969-  |7 jx20040608001  |4 aut 
245 1 0 |a Pohádky kocoura Šikuly /  |c napsala Jitka Saniová ; ilustrovala Jaroslava Fišerová 
250 |a 1. vydání 
264 1 |a V Praze :  |b Fragment,  |c 2019 
300 |a 47 stran :  |b barevné ilustrace ;  |c 23 cm 
336 |a text  |b txt  |2 rdacontent 
336 |a statický obraz  |b sti  |2 rdacontent 
337 |a bez média  |b n  |2 rdamedia 
338 |a svazek  |b nc  |2 rdacarrier 
490 1 |a Čteme sami : stupeň C 
520 2 |a Krátké pohádkové příběhy o zvířatech pomáhají začínajícím čtenářům při prvním samostatném čtení.  |b Koucour Šikula je sympatický kamarád mnoha dalších zvířátek. Osm příběhů doprovází ilustrace a krátké kontrolní otázky jak v textu tak i na konci knihy a napomáhají dětem rozvíjet a osvojovat si čtení i porozumění textu. 
521 8 |a Pro čtenáře od 6 let 
655 7 |a české příběhy  |7 fd133973  |2 czenas 
655 7 |a publikace pro děti  |7 fd133156  |2 czenas 
655 9 |a Czech stories  |2 eczenas 
655 9 |a children's literature  |2 eczenas 
700 1 |a Fišerová, Jaroslava,  |d 1960-  |7 jn19981001181  |4 ill 
830 0 |a Čteme sami  |0 s 
910 2 |a BOA001  |b 2-1435.039 
920 |a 4493113  |z ABG001 
928 9 |a Albatros Media - Fragment 
990 |a BK 
995 |a 01 
991 |b 201909  |c NOV 
996 6 |b 2610793817  |c 2-1435.039  |l MZK  |r Sklad / do 1 hodiny  |n 0  |p p.v.  |w 001753537  |u 000010  |a 1  |e BOA001  |j MZK50  |s P